Famous Assassinations - Statistics

General Stats
  • This quiz has been taken 284 times
    258 since last reset
  • The average score is 12 of 20
Answer Stats
Picture Answer % Correct
John F. Kennedy
99%
Mahatma Gandhi
94%
Martin Luther King
94%
Abraham Lincoln
89%
John Lennon
89%
Malcolm X
82%
Grigori Rasputin
78%
Franz Ferdinand
75%
Tupac Shakur
69%
Julius Caesar
67%
Indira Gandhi
57%
Biggie Smalls
53%
James Garfield
51%
William McKinley
47%
Benazir Bhutto
40%
Lord Mountbatten
29%
Jean-Paul Marat
27%
Yitzhak Rabin
27%
Olof Palme
19%
Gustav III
9%
No matching quizzes found
Score Distribution
Percent of People with Each Score
Percentile by Number Answered
Your Score History
You have not taken this quiz since the last reset